| 000 | 01063cam a22003257a 4500 | ||
|---|---|---|---|
| 003 | CHAP | ||
| 005 | 20220329141431.0 | ||
| 008 | 971013s1985 r 00010 d | ||
| 010 | _a68055 | ||
| 011 | _a69027 | ||
| 035 | _a78501 | ||
| 040 | _cCHAP | ||
| 090 | _aFolleto 11318 | ||
| 100 | 0 | 0 |
_aHernández Díaz, José Ciro. _953958 |
| 245 | 1 | 3 | _aLa programación lineal y ejemplos de su aplicación en el manejo de bosques |
| 260 |
_aMéxico : _bInstituto Nacional de Investigaciones Forestales, _c1985 |
||
| 300 | _a27 p. | ||
| 490 | 0 |
_aBoletín técnico _v; 128 |
|
| 500 | _a26-186 | ||
| 590 |
_aBATCH-UPD _b10 _c20130110 _lUCH01 _h1918 |
||
| 590 |
_aBATCH-UPD _b10 _c20130410 _lUCH01 _h1244 |
||
| 590 |
_aBATCH-UPD _b10 _c20130914 _lUCH01 _h0654 |
||
| 590 |
_aCONVERSION _b10 _c20130109 _lUCH01 _h1337 |
||
| 650 | 1 | 4 |
_aProgramación lineal. _992371 |
| 830 | 0 |
_aBoletín técnico _v; 128 _913560 |
|
| 901 | _aBK | ||
| 942 | _cFOLL | ||
| 949 |
_aFolleto 11318 _bBC _cFOLL _d-31375 _eTS1 _i78501 _si |
||
| 949 |
_aFolleto 11318 _bBC _cFOLL _d-91460 _eTS2 _fc.2 _i78501 _si |
||
| 999 |
_c68055 _d68055 |
||